00572nam a2200193Ia 450000500170000000800410001704000190005804100120007708200130008924500830010226000360018530000160022150400190023763000370025665000300029365100180032370000270034185000100036820231129114100.0131103s9999 xx 000 0 und d aLoreto College aEnglish a396bMAD aGreat women of Indiacedited by Swami Madhavananda and Ramesh Chandra Majumdar aMayavatibadvaita Ashramac1953 axix,551 p.  aIncludes index aIndian Women - Social Conditions aWomen - Social Conditions aWomen Studies aMadhavananda,Swami,ed. aLCLIB